Est-il présent dans le Marvel Cinematic Universe ? - Statistiques

Statistiques générales
  • Ce quiz a été pris 217 fois
  • Le résultat moyen est 18 sur 20
Statistiques - réponses
Question Réponse % Correct
Jeremy Renner est-il présent ou non dans le MCU ?
99%
Benedict Wong est-il présent ou non dans le MCU ?
99%
Benedict Cumberbatch est-il présent ou non dans le MCU ?
98%
Don Cheadle est-il présent ou non dans le MCU ?
98%
Scarlett Johansson est-elle présente ou non dans le MCU ?
98%
Tom Hiddleston est-il présent ou non dans le MCU ?
98%
Chris Pratt est-il présent ou non dans le MCU ?
98%
Tom Cruise est-il présent ou non dans le MCU ?
97%
Leonardo DiCaprio est-il présent ou non dans le MCU ?
97%
Sebastian Stan est-il présent ou non dans le MCU ?
97%
Gwyneth Paltrow est-elle présente ou non dans le MCU ?
97%
Joaquin Phoenix est-il présent ou non dans le MCU ?
95%
Kurt Russell est-il présent ou non dans le MCU ?
87%
Saoirse Ronan est-elle présente ou non dans le MCU ?
83%
Emily Blunt est-elle présente ou non dans le MCU ?
80%
Mel Gibson est-il présent ou non dans le MCU ?
80%
Michael Caine est-il présent ou non dans le MCU ?
77%
Jessica Chastain est-elle présente ou non dans le MCU ?
75%
Guy Pearce est-il présent ou non dans le MCU ?
58%
Hugo Weaving est-il présent ou non dans le MCU ?
43%
Aucun quiz correspondant
Distribution des résultats
% des personnes avec chaque résultat
Percentile par nombre de réponses
Votre historique - résultats
Vous n’avez pas pris ce quiz